| 000 | 01009nam a2200229Ia 4500 | ||
|---|---|---|---|
| 003 | IN-BaIIA | ||
| 008 | 211028s9999 xx s 000 0 eng d | ||
| 020 | _a978-0-52188-982-7 (Print) | ||
| 022 | _a1743-9213 (Print) | ||
| 022 | _a1743-9221 (Online) | ||
| 040 | _cIIA Library | ||
| 100 |
_aKwok, Sun, ed. _919101 |
||
| 245 | 0 |
_aOrganic matter in space _h[eBook] |
|
| 260 |
_aCambridge _bCambridge University Press _c2008 |
||
| 300 | _aOnline resource | ||
| 490 | _aIAU Symposium; no. 251 | ||
| 650 |
_a Solar System-Congressess _932383 |
||
| 650 |
_aOrganic compounds-Congresses _932382 |
||
| 700 |
_aSanford, Scott A., ed. _940554 |
||
| 856 |
_uhttps://www.cambridge.org/core/journals/proceedings-of-the-international-astronomical-union/issue/4F9C48B29A4CBF8EFECE34A97BFB7044 _yClick Here to Access eBook |
||
| 942 | _cEB | ||
| 999 |
_c21961 _d21961 |
||